| 000 | 00807nas a2200253 4500 | ||
|---|---|---|---|
| 001 | BR8007711 | ||
| 003 | BR-BrBNA | ||
| 005 | 20231205084444.0 | ||
| 007 | ta | ||
| 008 | 230509b bl.|||p| |||| 00| 00por d | ||
| 040 |
_aBR-BrBNA _bpor _cBiblioteca Nacional de Agricultura |
||
| 041 | _a(Pt) | ||
| 072 | _aF02 | ||
| 100 | 1 | _aCunha Sobrinho, A.P. da | |
| 100 | 1 | _aSoares Filho, W. dos S. | |
| 100 | 1 | _aPassos, O.S. | |
| 245 | 1 | _aPorta-enxertos para laranja "pera" (Citrus sinensis (L.)Osbeck)na regiao de Cruz das Almas, Bahia [Brasil] | |
| 650 | _aPORTA ENXERTO | ||
| 650 | _aLARANJA PERA | ||
| 650 | _aBAHIA | ||
| 773 | 0 |
_tRevista Brasileira de Fruticultura (Brazil) _xISSN 0100-2945 _g(Dec 1980), v. 2(3) p. 21-32 _wBR8007711 |
|
| 909 |
_a202311 _bLúcia _c55 _dLúcia Elande |
||
| 942 |
_2AGRIS _n0 _cANA |
||
| 999 |
_c105354 _d105354 |
||